Statistics for Popular City Names in Spanish Quiz

Click here to take the quiz!

General Stats

  • This quiz has been taken 2,010 times
  • The average score is 28 of 39

Answer Stats

españolEnglish% Correct
RomaRome
96%
TokioTokyo
95%
BerlínBerlin
94%
LondresLondon
93%
DublínDublin
92%
Los ÁngelesLos Angeles
92%
Nueva YorkNew York
92%
ParísParis
92%
JerusalénJerusalem
89%
Nueva OrleansNew Orleans
89%
SeúlSeoul
89%
El CairoCairo
88%
MoscúMoscow
87%
Nueva DelhiNew Delhi
86%
LisboaLisbon
85%
PragaPrague
85%
VienaVienna
85%
JohannesburgoJohannesburg
83%
BogotáBogota
81%
CopenhagueCopenhagen
78%
FiladelfiaPhiladelphia
78%
AtenasAthens
77%
Estambul Istanbul
77%
CalcutaCalcutta
75%
AlejandríaAlexandria
72%
BagdadBaghdad
70%
DjakartaJakarta
70%
La MecaMecca
70%
DamascoDamascus
66%
BelgradoBelgrade
65%
BucarestBucharest
64%
TúnezTunis
61%
EstocolmoStockholm
49%
PekínBeijing
42%
GinebraGeneva
42%
VarsoviaWarsaw
39%
Ciudad del CaboCape Town
24%
BelénBethlehem
15%
ArgelAlgiers
13%

Score Distribution

Percentile by Number Answered

Percent of People with Each Score

Your Score History

You have not taken this quiz